000 00345 a2200157 4500
001 72554
020 _a853050318X
040 _cAnchieta - Colégio São Paulo
100 _aBarros, Sônia
240 1 0 _aSaudade doída
_lpor
245 1 0 _aSaudade doída
300 _a45[1p.]
362 0 _a2003
650 4 _aLiteratura infantil
942 _cBK
999 _c72554
_d72554